|
|
|
|
| LEADER |
00000nam0a2200000 4500 |
| 001 |
293214 |
| 005 |
20231102000554.0 |
| 010 |
|
|
|a 9785000574225
|
| 035 |
|
|
|a (RuTPU)RU\TPU\book\318179
|
| 090 |
|
|
|a 293214
|
| 100 |
|
|
|a 20150429d2015 km y0rusy50 ca
|
| 101 |
1 |
|
|a rus
|c eng
|
| 102 |
|
|
|a RU
|
| 105 |
|
|
|a y z 000zy
|
| 200 |
1 |
|
|a Большая игра в бизнес: единственный разумный способ управления компанией
|e пер. с англ.
|f Д. Стэк, Б. Берлингем
|
| 205 |
|
|
|a 2-е изд.
|
| 210 |
|
|
|a Москва
|c Манн, Иванов и Фербер
|d 2015
|
| 215 |
|
|
|a 294 с.
|
| 330 |
|
|
|a Эта книга для тех, кто знает толк в игре, кто любит соревноваться, у кого есть истинное стремление к успеху и желание достичь его. «Большая игра в бизнес» появилась в компании, которую отчаянно пытались спасти от банкротства. Представленный в форме особой игры, авторский подход к бизнесу помог сделать из предприятия-банкрота успешную компанию.Даже если описанная в ней философия бизнеса не очень подойдет вашей компании, об идеях и опыте автора все же стоит узнать.
|
| 606 |
1 |
|
|a Бизнес
|x Теория
|2 stltpush
|3 (RuTPU)RU\TPU\subj\28637
|9 52152
|
| 610 |
1 |
|
|a экономика
|
| 610 |
1 |
|
|a управление
|
| 610 |
1 |
|
|a менеджмент
|
| 610 |
1 |
|
|a предпринимательская деятельность
|
| 610 |
1 |
|
|a успех
|
| 610 |
1 |
|
|a мотивации
|
| 686 |
|
|
|a У012.12
|v LBC/SL-A
|2 rubbk
|
| 700 |
|
1 |
|a Стэк
|b Д.
|g Джек
|
| 701 |
|
1 |
|a Берлингем
|b Б.
|g Бо
|
| 801 |
|
1 |
|a RU
|b 63413507
|c 20150429
|
| 801 |
|
2 |
|a RU
|b 63413507
|c 20150819
|g RCR
|
| 942 |
|
|
|c BK
|
| 959 |
|
|
|a 64/20150429
|d 1
|e 800,00
|f ЧЗГЛ:1
|